00746 2200205 4500001002100000005001700021008004100038035002400079040001200103082001000115090001900125100002200144245014500166260010300311300003900414500001600453504002800469650002500497990001800522YOGYA-0113000000057620130109112313.0 ind  0010-011300000000576 aYOPDYOG a631.3 aSK 631.3 Riz K aRIZKY YOGATAMA, M aKajian kerja dan pengoperasian usaha pelayanan jasa alat dan mesin pertanian (UPJA) dalam menunjang swasembada pangan/oleh M. Rizky Yogatama aYogyakartabJurusan Mekanisme Pertanian Fakultas Teknologi Pertanian Universitas Gadjah Madac2001 aX, 70, (45) lbrbilus, lampc29 cm aSkripsi UGM aBibliografi (lbr.69-70) aPertanian, alat-alat a42922-PD/A.12